000 00454nam a22001697a 4500
003 MPLRDC
005 20220104124643.0
008 210129b ||||| |||| 00| 0 eng d
082 _a307.9 NEX
100 _a珀尔. 阿斯特丽德. 纳尔逊著
245 _a儿童科学实验230 例
_c李其龙译
250 _a一版一刷
260 _a
_b上海教育出版社
_c1980
300 _b
650 _a儿童科学读物
942 _cBK
_o307.9 NEX
999 _c21073
_d21063